000 00630nam a2200217 a 4500
001 BRCA_2527
005 20190320203842.0
008 251108s1933----mx-#---###---#000-0#spa-u
050 4 _aNK4032
_b.C47 1933
100 1 _aCervantes, Enrique A.
_9383
245 1 0 _aNómina de loceros poblanos durante el periodo virreinal
_cEnrique A. Cervantes.
260 _aMéxico
_bM. Casas
_c1933
300 _a147 p.
_c29 cm.
500 _aEjemplar número 172 de 250.
500 _aA15
650 1 4 _aCerámica
_zMéxico
_94783
650 1 4 _aCerámica
_zPuebla
_97262
650 1 4 _aAlfareros
_zPuebla
_97263
902 _aGFM
942 _2lcc
_cB
999 _c2268
_d2268